La palabra como frontera simbólica /
Se plantea que la población inmigrante nicaragüense en Costa Rica experimenta el rechazo y la xenofobia, que se da en la vida cotidiana por medio del establecimiento de fronteras invisibles: chistes, insultos, frases cotidianas y graffiti. En este articulo se analiza a fondo el papel del graffiti co...
Guardat en:
| Autor principal: | |
|---|---|
| Format: | Text |
| Matèries: | |
| Etiquetes: |
Afegir etiqueta
Sense etiquetes, Sigues el primer a etiquetar aquest registre!
|
MARC
| LEADER | 00000 a a2200000 04500 | ||
|---|---|---|---|
| 001 | 14541 | ||
| 003 | |||
| 040 | |||
| 100 | |a Paniagua Arguedas, Laura | ||
| 245 | |a La palabra como frontera simbólica / |c Laura Paniagua Arguedas | ||
| 520 | |a Se plantea que la población inmigrante nicaragüense en Costa Rica experimenta el rechazo y la xenofobia, que se da en la vida cotidiana por medio del establecimiento de fronteras invisibles: chistes, insultos, frases cotidianas y graffiti. En este articulo se analiza a fondo el papel del graffiti como frontera simbólica, pues reúne algunas ideas de la identidad nacional costarricense y se finaliza sosteniendo la importancia de debatir sobre las consecuencias de dichas fronteras y de los mitos identitarios | ||
| 650 | |a XENOFOBIA | ||
| 650 | |a MIGRACION | ||
| 650 | |a IDENTIDAD SOCIAL | ||
| 650 | |a NACIONALISMO | ||
| 650 | |a NICARAGUENSES | ||
| 650 | |a COSTA RICA | ||
| 773 | |g número 111 (I) - 112 (II; páginas 143-154 | ||
| 999 | |c 30863 |d 30863 | ||
| 773 | 0 | |0 18728 |9 3030 |a Universidad de Costa Rica |d San José, Costa Rica Editorial UCR 1956- |o 03464 |t Revista de Ciencias Sociales/ |x 04825276 | |
| 773 | 0 | |0 18728 |9 3030 |a Universidad de Costa Rica |d San José, Costa Rica Editorial UCR 1956- |o 03464 |t Revista de Ciencias Sociales/ |x 04825276 | |
